000 00826nam a2200253 a 4500
001 000020005
005 20200929170227.0
008 100709s1965 sp 001 f spa d
040 _aDO-SdBNP
_bspa
_cBNPHU
082 _a863.6
_bM385t, 1965
100 1 _aMartínez Sierra, Gregorio,
_d1881-1947
_920793
245 1 3 _aTú eres la paz /
_cGregorio Martínez Sierra.
250 _a3a ed.
260 _aMadrid :
_bEspasa-Calpe,
_c1965.
300 _a229, [16] p. ; :
_b18 cm.
490 1 _aAustral. Azul: novelas y cuentos en general
_v1231
500 _aIncluye índice de autores
650 4 _aNovela española
_91123
650 4 _aLiteratura española
_ySIGLO XX
_93326
830 0 _aAustral.
_pAzul: novelas y cuentos en general;
_v1231
_922386
910 _aCatalogación derivada / LC
910 _aWM
049 _aBNGR
999 _c19517
_d19517